000 00574nam a2200181 i 4500
001 74544
003 ES-MaACL
007 t|
008 040920s1974 fr ||||1| fre d
100 1 _aGouhier, Henri.
_959322
245 1 0 _aPascal et les humanistes chrétiens
_b: l'affaire Saint-Ange /
_cpar Henri Gouhier.
260 _aParís :
_bJ. Vrin,
_c1974.
300 _a165 p. ;
_c24 cm.
490 1 _aBibliothèque d'histoire de la philosophie
830 0 _aBibliothèque d'histoire de la philosophie
_9177275
852 _aES-MaACL
_jE-7238
_bR.91363
999 _c74544
_d74544